Estudios sociológicos sobre los pueblos indígenas : 1990-2015 (Record no. 190893)
[ view plain ]
| 000 -CABECERA | |
|---|---|
| campo de control de longitud fija | 01990nab a2200265 a 4500 |
| 005 - FECHA Y HORA DE LA ÚLTIMA TRANSACCIÓN | |
| campo de control | 20230302063646.0 |
| 008 - ELEMENTOS DE LONGITUD FIJA--INFORMACIÓN GENERAL | |
| campo de control de longitud fija | 991125s1985 mx 000 0 spa u |
| 035 ## - NÚMERO DE CONTROL DEL SISTEMA | |
| Número de control de sistema | UPN01000218793 |
| 049 ## - COLECCIÓN | |
| Colección | ART |
| 100 1# - ASIENTO PRINCIPAL--NOMBRE PERSONAL | |
| Nombre de persona | Sandoval Forero, Eduardo |
| 9 (RLIN) | 34631 |
| 100 1# - ASIENTO PRINCIPAL--NOMBRE PERSONAL | |
| Filiación | forerosandoval@gmail.com |
| 222 #0 - TÍTULO CLAVE | |
| Título clave | ESPACIO ABIERTO |
| 245 00 - MENCIÓN DE TÍTULO | |
| Título | Estudios sociológicos sobre los pueblos indígenas : 1990-2015 |
| 260 ## - PUBLICACIÓN, DISTRIBUCIÓN, ETC. | |
| Lugar de publicación, distribución, etc. | Maracaibo, Venezuela |
| 300 ## - DESCRIPCIÓN FÍSICA | |
| Extensión | 197-205 |
| 362 0# - FECHAS DE PUBLICACIÓN Y/O DESIGNACIÓN SECUENCIAL | |
| Fecha de publicación y/o designación secuencial | 2016 Volumen 25, número 3, julio-septiembre |
| 520 3# - NOTA DE RESUMEN, ETC. | |
| Sumario, etc. | El presente texto expone algunas reflexiones acerca de los estudios sociológicos sobre los pueblos indígenas en América Latina en el período de 1990-2015. Tres preguntas son las guías orientadoras del trabajo: ¿Cuáles son los temas que sobre los pueblo originarios ha venido incursionando la sociología?, ¿En la formalidad académica cuáles programas hay sobre los pueblos indígenas y cuáles son los ejes formativos? y ¿Cuáles son las aportaciones teóricas de carácter sociológico que en América Latina se han producido a partir del estudio de los pueblos indígenas? El análisis se realiza en un corpus seleccionado de 60 artículos publicados en seis revistas latinoamericanas de sociología y en 186 ponencias presentadas en los grupos de trabajo que sobre el tema se realizan en Congresos y son divulgadas en los libros y memorias por la Asociación Latinoamericana de Sociología (ALAS) y por la Asociación Latinoamericana de Sociología Rural (ALASRU). Se concluye que los estudios sobre lo indígena se bifurcan en una sociología institucional positivista, en otra sociología crítica occidentalizada, y en una más que denominamos sociología crítica descolonial |
| 653 0# - TERMINO DE INDIZACION - NO CONTROLADO | |
| Término no controlado | PUEBLOS INDIGENAS |
| 653 0# - TERMINO DE INDIZACION - NO CONTROLADO | |
| Término no controlado | AMERICA LATINA |
| 653 0# - TERMINO DE INDIZACION - NO CONTROLADO | |
| Término no controlado | SOCIOLOGIA INDIGENA |
| 653 0# - TERMINO DE INDIZACION - NO CONTROLADO | |
| Término no controlado | POLITICA INDIGENISTA |
| 653 0# - TERMINO DE INDIZACION - NO CONTROLADO | |
| Término no controlado | MOVIMIENTOS INDIGENAS |
| 856 4# - LOCALIZACIÓN Y ACCESO ELECTRÓNICOS | |
| Identificador Uniforme del Recurso | <a href="http://www.redalyc.org/articulo.oa?id=12249678014">http://www.redalyc.org/articulo.oa?id=12249678014</a> |
| 905 ## - TIPO DE MATERIAL | |
| Tipo de material | Articulo |
No items available.
